| 000 | 01194cam a2200337 i 4500 | ||
|---|---|---|---|
| 999 |
_c200429960 _d47886 |
||
| 001 | 200429960 | ||
| 003 | TR-AnTOB | ||
| 005 | 20200311111032.0 | ||
| 007 | ta | ||
| 008 | 180622s2017 tu 000 0 ara d | ||
| 020 | _a9786058287242 | ||
| 040 |
_aTR-AnTOB _beng _erda _cTR-AnTOB |
||
| 041 | 0 |
_aara _aota |
|
| 060 | 0 |
_aQV 766 _bİ26 2017 |
|
| 096 |
_aQV 766 _bİ26 2017t |
||
| 100 | 1 |
_aIbn al-Bayṭār, ʻAbd Allāh ibn Aḥmad, _d-1248 _4author _9120480 |
|
| 245 | 1 | 0 |
_aTercüme-i Câmi'u -Müfredâti'l-Edviye ve'l-Eğziye / _cİbn Baytar ; Bilim kurulu, Metin Uçar, H. Halit Atlı, Burhanettin İlter, Mesut Budak ; Koordinatör, Kevser Topkar. |
| 264 | 1 |
_aİstanbul : _bSağlık Bilimleri Üniversitesi, _c2017. |
|
| 300 |
_a391 pages : _c24 cm |
||
| 336 |
_atext _2rdacontent _btxt |
||
| 337 |
_aunmediated _2rdamedia _bn |
||
| 338 |
_avolume _2rdacarrier _bnc |
||
| 650 | 0 |
_aPlants, Medicinal _2etuesh _9120565 |
|
| 700 | 1 |
_aUçar, Metin _9120485 |
|
| 700 | 1 |
_aAtlı, H. Halit _9120486 |
|
| 700 |
_aİlter, Burhanettin _9120487 |
||
| 700 |
_aBudak, Mesut _9120488 |
||
| 700 | 1 |
_aTopkar, Kevser _9120489 |
|
| 942 |
_2lcc _cBK |
||